沖電気100年のあゆみ

সংরক্ষণ করুন:
গ্রন্থ-পঞ্জীর বিবরন
সংস্থা লেখক: 沖電気工業株式会社
বিন্যাস: গ্রন্থ
ভাষা:Undetermined
প্রকাশিত: 東京 沖電気工業 1981
বিষয়গুলি:
ট্যাগগুলো: ট্যাগ যুক্ত করুন
কোনো ট্যাগ নেই, প্রথমজন হিসাবে ট্যাগ করুন!
Thư viện lưu trữ: Trung tâm Học liệu Trường Đại học Cần Thơ
LEADER 00533nam a2200193Ia 4500
001 CTU_92708
008 210402s9999 xx 000 0 und d
082 |a 338.8 
082 |b O.41 
110 |a 沖電気工業株式会社 
245 0 |a 沖電気100年のあゆみ 
245 0 |c 沖電気工業株式会社; 日本経営史研究所 
260 |a 東京 
260 |b 沖電気工業 
260 |c 1981 
650 |a Corporations 
650 |x Japan 
904 |i Ngoc 
980 |a Trung tâm Học liệu Trường Đại học Cần Thơ